Statistics for Countries that border Algeria

Click here to take the quiz!

General Stats

  • This quiz has been taken 41 times
  • The average score is 5 of 6

Answer Stats

Answer% Correct
Libya
95%
Morocco
95%
Tunisia
92%
Mali
89%
Niger
89%
Mauritania
82%

Score Distribution

Percentile by Number Answered

Percent of People with Each Score

Your Score History

You have not taken this quiz